000 01071nam a2200349 a 4500
001 25419
003 CO-ViMGA
005 20230915232057.0
006 a4795182
008 141112s2004 ck r 000 u spa d
015 _aMON1007
017 _aGI 887 - 2009 Oficina Depósito Legal Girona
020 _a9788498852059
035 _a(OCoLC)868796640
040 _aCO-ViMGA
_bspa
_cCO-ViMGA
041 _aspa
_beng
080 _a821.111(73) - 91"19"
082 0 4 _a741.5 B26d
100 1 _aBendis, Brian Michael 1967 -
_938774
245 1 0 _aDinastía de M /
_cBrian Michael Bendis, Olivier Coipel ; traducción, Santiago García]
260 _aTorroella de Montgri,
_cGirona Panini España D.L. 2009
300 _a[256] p. principalmente il. col. 27 cm
490 _aMarvel deluxe
490 _aMarvel Deluxe
594 _aTítulo original : House of M
650 1 4 _aComics
_938775
650 1 4 _aHistorietas
_914186
700 1 _aCoipel, Olivier
_938776
926 _aBNALCALA SG_PETANTI 12/699747 FONDO_MODE 1
942 _2ddc
_cBK
956 _a2
999 _c33010
_d33010